| 000 | 00852nam a2200253Ia 4500 | ||
|---|---|---|---|
| 003 | OSt | ||
| 005 | 20220923213844.0 | ||
| 006 | a|||||r|||| 00| 0 | ||
| 007 | ta | ||
| 008 | 220922b |||||||| |||| 00| 0 hin d | ||
| 024 | _a165,214 | ||
| 037 | _cTextual | ||
| 040 |
_aARTS _cARTS _bhin |
||
| 041 |
_2hin _ahin |
||
| 082 | _aO152,1NAGx, L3 | ||
| 100 | _aअग्रवाल, रा0 बा0 | ||
| 245 | 0 | _aतुम्हें सूर्य का निखार दूगां | |
| 246 | _aTumhean sūrya kā nikhār dūgāan | ||
| 260 |
_aसांपला _b वंदना पब्लिकेशन _c1973 |
||
| 300 |
_a104पृ. _ccm. |
||
| 650 |
_aहिन्दी साहित्य _9156264 |
||
| 942 |
_hO152,1NAGx, L3 _cTEXL _2CC |
||
| 999 |
_c319693 _d319693 |
||